Legend of Zelda: Botw, real or fake? - Statistics

General Stats
  • This quiz has been taken 1,066 times
  • The average score is 6 of 15
Answers on the Grid
Answers color-coded by a green-red scale on the quiz's grid according to % correct below.
Bokoblin
Yeti
Beedle
Flito
Link
Tonka
Josha
Purah
Stalkoblin
Hudson
Rick
Lanayru
Mayson
Pebblit
Geralla
Halgie
Lynel
Robbie
Taiga
Molduga
West Akkala stable
Eldin Tower
Kakariko Village
Kronk
Polly
Wetland Stable
Farosh Tower
Hyton Village
Riju
Baobab Grassland
 
Answer Stats
Answer % Correct
Bokoblin
96%
Link
74%
Purah
56%
Beedle
52%
Lynel
45%
Stalkoblin
40%
Lanayru
39%
Hudson
36%
Molduga
33%
Kakariko Village
30%
Robbie
27%
Riju
25%
Eldin Tower
23%
Wetland Stable
19%
Pebblit
16%
No matching quizzes found
Score Distribution
Percent of People with Each Score
Percentile by Number Answered
Your Score History
You have not taken this quiz